[Event "Russian Championship B17 1st league 2016"]
[Site "Loo"]
[Date "2016.04.28"]
[Round "9.17"]
[White "Lilov, Aleksandr"]
[Black "Kiyashko, Andrey"]
[Result "1-0"]
[WhiteElo "1935"]
[BlackElo "1653"]
[PlyCount "95"]
[EventDate "2016.04.20"]

1. c4 e6 2. Nf3 Nf6 3. g3 d5 4. Bg2 Be7 5. O-O O-O 6. b3 c6 7. Bb2 Nbd7 8. e3
Qc7 9. d4 b6 10. Nc3 Ba6 11. Nd2 Rac8 12. e4 dxe4 13. Ncxe4 Rfd8 14. Re1 Bb7
15. Qe2 Nxe4 16. Nxe4 Nf6 17. Rad1 Rd7 18. Rd3 Rcd8 19. Red1 Nxe4 20. Bxe4 Bf6
21. h4 g6 22. h5 Bg7 23. hxg6 hxg6 24. a4 c5 25. d5 exd5 26. Bxd5 Bxd5 27. Rxd5
Rxd5 28. cxd5 Bxb2 29. Qxb2 Qe7 30. Qd2 Qe4 31. d6 Kg7 32. Qc3+ Kg8 33. f3 Qe6
34. Qd3 Qh3 35. f4 Qe6 36. Kf2 Kg7 37. Kf3 Qf5 38. Qc3+ Qf6 39. Qe5 Qxe5 40.
fxe5 g5 41. Ke4 Kg6 42. Rf1 Re8 43. Kd5 Kg7 44. d7 Rd8 45. Kd6 Kf8 46. e6 Ra8
47. e7+ Kg7 48. e8=Q 1-0

[Event "Russian Championship B17 1st league 2016"]
[Site "Loo"]
[Date "2016.04.28"]
[Round "9.18"]
[White "Getman, Dmitriy"]
[Black "Kuzmin, Ivan"]
[Result "0-1"]
[WhiteElo "1716"]
[BlackElo "1858"]
[PlyCount "92"]
[EventDate "2016.04.20"]

1. d4 Nf6 2. Nf3 c5 3. e3 cxd4 4. exd4 g6 5. g3 Bg7 6. Bg2 O-O 7. O-O d5 8. c3
Bg4 9. Qb3 Bxf3 10. Bxf3 Qd7 11. Re1 Nc6 12. Bf4 e6 13. Na3 a6 14. Qd1 b5 15.
Nc2 Rfc8 16. Ne3 Ne8 17. Ng4 b4 18. Qd3 Nd6 19. Ne5 Nxe5 20. dxe5 Nc4 21. cxb4
Nxb2 22. Qd4 Nc4 23. a4 Rcb8 24. Bd2 Ra7 25. Bg2 Nxd2 26. Qxd2 Rab7 27. Bf1
Rxb4 28. Bxa6 Rxa4 29. Rxa4 Qxa4 30. Bf1 Qa3 31. Re3 Qa7 32. Kg2 Rb1 33. Re1
Rb3 34. f4 Bf8 35. Rd1 Qb6 36. Rc1 Bc5 37. Bd3 Be3 38. Rc8+ Kg7 39. Qe2 Qb7 40.
Ba6 Qb6 41. Bd3 Ra3 42. Qc2 Qd4 43. Bb5 Qb4 44. Qc7 Qe4+ 45. Kh3 Qf5+ 46. Kh4
Qh5# 0-1

[Event "Russian Championship B17 1st league 2016"]
[Site "Loo"]
[Date "2016.04.28"]
[Round "9.19"]
[White "Zhuravlev, Stepan"]
[Black "Kuzmichev, Artem"]
[Result "1-0"]
[WhiteElo "2046"]
[BlackElo "1792"]
[PlyCount "153"]
[EventDate "2016.04.20"]

1. d4 Nf6 2. c4 c5 3. d5 b5 4. cxb5 a6 5. bxa6 Bxa6 6. Nc3 d6 7. e4 Bxf1 8.
Kxf1 g6 9. g3 Bg7 10. Nf3 O-O 11. Kg2 Qa5 12. a4 Na6 13. Qe2 Nc7 14. Bd2 Qa6
15. Qd1 Rfb8 16. Rb1 Rb6 17. Qc2 Rab8 18. Rhe1 Nd7 19. h4 h5 20. Bg5 Kf8 21.
Nd2 Ne5 22. b3 Nd3 23. Re3 Nb4 24. Qd1 Ne8 25. Nb5 Qc8 26. Nc4 Ra6 27. Bf4 Nf6
28. Re2 Kg8 29. Bd2 Ng4 30. Bf4 Ne5 31. Bxe5 dxe5 32. Qd2 Kh7 33. Rd1 Qd7 34.
Qe3 Rc8 35. Qd2 Qd8 36. Rde1 Rb8 37. Qc3 f6 38. Qe3 Rc8 39. Qc3 Rb8 40. Rf1 Kh8
41. Qe3 Rc8 42. Rh1 Qd7 43. Rhe1 Kh7 44. Qc3 Rb8 45. Ne3 Rc8 46. Rf1 Bh6 47.
Nc4 Bg7 48. Qf3 Bh6 49. Rb2 Bg7 50. Rd1 Bf8 51. Qe2 Rb8 52. Rbb1 Rc8 53. Rf1
Bh6 54. Rbd1 Bf8 55. Rd2 Bh6 56. Rb2 Rb8 57. Rd1 Bf8 58. Nc3 Bh6 59. f3 Ra7 60.
Qf2 Rc7 61. Nb5 Rcc8 62. Qe2 Bf8 63. Nc3 Bh6 64. Ra1 Rg8 65. Rh1 g5 66. hxg5
Rxg5 67. Rh3 Rbg8 68. Rb1 R5g6 69. Rbh1 R8g7 70. Kf2 Kg8 71. R1h2 e6 72. Qd1
exd5 73. Nxd5 Nc6 74. Rxh5 Bg5 75. Nxf6+ Bxf6 76. Rh8+ Kf7 77. Qxd7+ 1-0

[Event "Russian Championship B17 1st league 2016"]
[Site "Loo"]
[Date "2016.04.28"]
[Round "9.20"]
[White "Rozmanov, Aleksandr"]
[Black "Kirillov, Konstantin"]
[Result "0-1"]
[WhiteElo "1927"]
[BlackElo "2002"]
[PlyCount "132"]
[EventDate "2016.04.20"]

1. e4 c5 2. Nf3 e6 3. d4 cxd4 4. Nxd4 a6 5. Bd3 Nf6 6. Nd2 d6 7. O-O Qc7 8. c4
Be7 9. b3 O-O 10. Bb2 Nbd7 11. Rc1 b6 12. Qe2 Bb7 13. f4 Rfe8 14. Kh1 Bf8 15.
N4f3 e5 16. f5 Rac8 17. Rg1 Qb8 18. g4 Nc5 19. Bc2 Qa8 20. Rce1 b5 21. Nh4 bxc4
22. bxc4 g6 23. Ba3 Be7 24. Nhf3 Bd8 25. Bxc5 Rxc5 26. Nb3 Rc8 27. Bd3 a5 28.
Nbd2 a4 29. Nb1 Ba5 30. Nfd2 Qa7 31. Na3 Bc6 32. h3 Qd4 33. Nc2 Qc5 34. Rgf1
Rf8 35. Rf2 Bd8 36. a3 Nd7 37. Ref1 f6 38. fxg6 hxg6 39. Qe3 Qxe3 40. Nxe3 Bb6
41. Rf3 Bc5 42. Nc2 Rb8 43. Kg2 Kg7 44. Kg3 Rf7 45. Rb1 Rxb1 46. Nxb1 Nf8 47.
Nb4 Be8 48. Bc2 Ne6 49. Bd1 Ng5 50. Nc3 Nxf3 51. Kxf3 Rb7 52. Ncd5 Bxb4 53.
axb4 Bc6 54. b5 Bxd5 55. exd5 a3 56. Bb3 f5 57. g5 Kf8 58. Ba2 Ke7 59. h4 Kd8
60. Kg3 Rc7 61. Kf3 Kc8 62. Kg3 Kb7 63. Kf3 Kb6 64. Kg3 Kc5 65. Kf3 Kd4 66. Kg3
Ke3 0-1

[Event "Russian Championship B17 1st league 2016"]
[Site "Loo"]
[Date "2016.04.28"]
[Round "9.21"]
[White "Veklich, Igor"]
[Black "Chudiniv, Andrey"]
[Result "1-0"]
[WhiteElo "1914"]
[BlackElo "1986"]
[PlyCount "71"]
[EventDate "2016.04.20"]

1. e4 d6 2. d4 Nf6 3. Nc3 Nbd7 4. f4 e5 5. Nf3 exd4 6. Qxd4 c6 7. Be3 d5 8.
exd5 Bc5 9. Qd3 Qe7 10. Nd4 Nxd5 11. Nxd5 cxd5 12. Nf5 Qf6 13. Bxc5 Nxc5 14.
Qb5+ Bd7 15. Qxc5 Qxf5 16. O-O-O Rc8 17. Re1+ Kd8 18. Qa5+ b6 19. Qd2 Re8 20.
Bd3 Qf6 21. Rxe8+ Kxe8 22. Re1+ Kf8 23. Re5 Be6 24. Qe3 g6 25. Qd4 Kg7 26. h3
h5 27. f5 gxf5 28. Qf4 Kg6 29. g4 hxg4 30. hxg4 Kg7 31. gxf5 Rh8 32. Re1 Bd7
33. Qg3+ Kf8 34. Qb8+ Kg7 35. Rg1+ Kh6 36. Qh2+ 1-0

[Event "Russian Championship B17 1st league 2016"]
[Site "Loo"]
[Date "2016.04.28"]
[Round "9.22"]
[White "Nerushev, Arseniy"]
[Black "Prorochenko, Nikita"]
[Result "1-0"]
[WhiteElo "1982"]
[BlackElo "1682"]
[PlyCount "59"]
[EventDate "2016.04.20"]

1. Nf3 Nf6 2. g3 d5 3. Bg2 e6 4. O-O Be7 5. c4 O-O 6. d4 c6 7. Nc3 Nbd7 8. Ne5
Nxe5 9. dxe5 Nd7 10. cxd5 cxd5 11. e4 dxe4 12. Bf4 Qa5 13. a3 Qb6 14. Qe2 a5
15. Nxe4 Nc5 16. Be3 Qa6 17. Qc2 Nd7 18. f4 Rb8 19. Rfd1 b6 20. Nd6 Qa7 21.
Rac1 Rd8 22. b4 Ba6 23. bxa5 Bc8 24. Nxc8 Rbxc8 25. Qxc8 Rxc8 26. Rxc8+ Bf8 27.
axb6 Qxa3 28. Bf2 Qa4 29. Rxd7 Qxd7 30. b7 1-0

[Event "Russian Championship B17 1st league 2016"]
[Site "Loo"]
[Date "2016.04.28"]
[Round "9.23"]
[White "Privorotsky, Oleg"]
[Black "Efimenko, Aleksandr"]
[Result "1-0"]
[WhiteElo "1954"]
[BlackElo "1819"]
[PlyCount "75"]
[EventDate "2016.04.20"]

1. e4 e5 2. Nf3 Nc6 3. Bb5 a6 4. Ba4 Nf6 5. O-O Be7 6. d3 b5 7. Bb3 d6 8. c3
O-O 9. Re1 Na5 10. Bc2 c5 11. Nbd2 Nc6 12. Nf1 Re8 13. h3 h6 14. Ng3 Bf8 15.
Be3 Be6 16. d4 cxd4 17. cxd4 exd4 18. Nxd4 Nxd4 19. Bxd4 d5 20. e5 Nd7 21. Qd3
g6 22. Rad1 Rc8 23. f4 Nc5 24. Qf3 Bg7 25. Bb1 a5 26. Qf2 Qe7 27. Rf1 Rc6 28.
Qe2 b4 29. Rf2 Bc8 30. Qb5 Qc7 31. Bxc5 Ba6 32. Bd4 Rc8 33. Be3 g5 34. Nf5 gxf4
35. Bxf4 Bxe5 36. Nxh6+ Kg7 37. Nf5+ Kg8 38. Qxc6 1-0

[Event "Russian Championship B17 1st league 2016"]
[Site "Loo"]
[Date "2016.04.28"]
[Round "9.24"]
[White "Karelov, Pavel"]
[Black "Murtazin, Rifat"]
[Result "1-0"]
[WhiteElo "1961"]
[BlackElo "1555"]
[PlyCount "49"]
[EventDate "2016.04.20"]

1. d4 d5 2. c4 c6 3. cxd5 cxd5 4. Bf4 Nf6 5. Nc3 Nc6 6. e3 a6 7. Rc1 Bg4 8. Qb3
Qd7 9. Na4 Ra7 10. Nb6 Qd8 11. h3 Bc8 12. Nf3 e6 13. Ne5 Bb4+ 14. Qxb4 Nxb4 15.
Rxc8 Qxc8 16. Nxc8 Ra8 17. Nd6+ Ke7 18. Nxb7 Nxa2 19. Nd3 Ra7 20. Ndc5 Nd7 21.
Bd6+ Ke8 22. Bxa6 Nxc5 23. Nxc5 Nb4 24. Bb5+ Kd8 25. Kd2 1-0

[Event "Russian Championship B17 1st league 2016"]
[Site "Loo"]
[Date "2016.04.28"]
[Round "9.25"]
[White "Tokmashov, Maxim"]
[Black "Veligjanin, Andrey"]
[Result "1/2-1/2"]
[WhiteElo "2145"]
[BlackElo "1922"]
[PlyCount "72"]
[EventDate "2016.04.20"]

1. Nc3 d5 2. e4 dxe4 3. Nxe4 Nf6 4. Nxf6+ exf6 5. d4 Bd6 6. Bd3 Nc6 7. c3 Ne7
8. Ne2 Bf5 9. O-O O-O 10. Bf4 Bxd3 11. Qxd3 Bxf4 12. Nxf4 c6 13. Rfe1 Re8 14.
Re2 Qd7 15. Rae1 Nd5 16. Nxd5 cxd5 17. f3 g6 18. Kf2 Rxe2+ 19. Rxe2 Kf8 20. Qe3
Rc8 21. Qh6+ Kg8 22. Qf4 Kg7 23. Qe3 Kf8 24. Qf4 Kg7 25. Qg4 Qc7 26. Qg3 Qd7
27. Qf4 a6 28. Qe3 Kf8 29. Qh6+ Kg8 30. a3 Rc6 31. Qf4 Kg7 32. Qg4 Re6 33. Rxe6
fxe6 34. Qf4 Kf7 35. Qh6 Kg8 36. Qf4 Kf7 1/2-1/2

[Event "Russian Championship B17 1st league 2016"]
[Site "Loo"]
[Date "2016.04.28"]
[Round "9.26"]
[White "Maltsevskiy, Nikolay"]
[Black "Tchebalkin, Evgeny"]
[Result "1-0"]
[WhiteElo "1889"]
[BlackElo "1945"]
[PlyCount "111"]
[EventDate "2016.04.20"]

1. d4 Nf6 2. c4 g6 3. Nc3 Bg7 4. e4 d6 5. f3 O-O 6. Be3 Nc6 7. Nge2 e5 8. d5
Ne7 9. Qd2 Ne8 10. g4 a6 11. O-O-O b5 12. Ng3 f5 13. gxf5 gxf5 14. Bg5 Nf6 15.
exf5 Bxf5 16. Nce4 Bxe4 17. fxe4 Qe8 18. Be2 bxc4 19. Bxc4 Ng6 20. Kb1 Kh8 21.
Bd3 Nf4 22. Nf5 N6h5 23. Bxf4 Nxf4 24. Nxg7 Kxg7 25. Rhg1+ Kh8 26. Qc3 Qd7 27.
Rg3 Rf7 28. Rdg1 Nxd3 29. Qxd3 Qb5 30. Qxb5 axb5 31. R1g2 h6 32. a3 Ra4 33. b4
Ra8 34. Kb2 Raf8 35. Rc2 Rf2 36. Rgc3 Rxc2+ 37. Rxc2 Rf7 38. a4 bxa4 39. Ka3
Kg8 40. Kxa4 Kf8 41. Kb5 Ke8 42. Kc6 Rg7 43. b5 Rd7 44. Rg2 Rf7 45. Rg8+ Ke7
46. Rc8 Rf4 47. Rxc7+ Kd8 48. Rd7+ Kc8 49. b6 Rf8 50. Rxd6 Kb8 51. Rd7 Kc8 52.
d6 h5 53. Rc7+ Kb8 54. b7 h4 55. Rc8+ Rxc8+ 56. bxc8=Q+ 1-0

[Event "Russian Championship B17 1st league 2016"]
[Site "Loo"]
[Date "2016.04.28"]
[Round "9.28"]
[White "Loskutov, Efrem"]
[Black "Tyatyushkin, Danil"]
[Result "0-1"]
[WhiteElo "1673"]
[BlackElo "2028"]
[PlyCount "70"]
[EventDate "2016.04.20"]

1. d4 Nf6 2. c4 g6 3. Nc3 Bg7 4. Bg5 d6 5. e3 O-O 6. Nf3 Nbd7 7. Be2 h6 8. Bh4
Nh7 9. h3 g5 10. Bg3 f5 11. Qc2 e5 12. dxe5 dxe5 13. O-O-O f4 14. exf4 exf4 15.
Bh2 Nhf6 16. h4 g4 17. Ne5 Qe8 18. Ng6 Rf7 19. Bxf4 Nc5 20. Rhe1 Be6 21. Nd5
Nfe4 22. Bxg4 Bxg4 23. f3 Bf5 24. Nde7+ Rxe7 25. Nxe7+ Qxe7 26. fxe4 Bxe4 27.
Qe2 Qf6 28. Be3 Nd3+ 29. Rxd3 Bxd3 30. Qxd3 Qxb2+ 31. Kd1 Qxa2 32. Bxh6 Qa4+
33. Ke2 Bxh6 34. Qg6+ Bg7 35. h5 Qe8+ 0-1

[Event "Russian Championship B17 1st league 2016"]
[Site "Loo"]
[Date "2016.04.28"]
[Round "9.29"]
[White "Tchentsov, Daniil"]
[Black "Kavyev, Emil"]
[Result "1-0"]
[WhiteElo "1802"]
[BlackElo "1699"]
[PlyCount "59"]
[EventDate "2016.04.20"]

1. e4 c5 2. Nf3 d6 3. d4 cxd4 4. Nxd4 Nf6 5. Nc3 a6 6. h3 e5 7. Nb3 Be6 8. g4
h6 9. Bg2 Be7 10. O-O O-O 11. f4 Nc6 12. Be3 a5 13. a4 Nb4 14. Nd5 Bxd5 15.
exd5 e4 16. c4 Rc8 17. Nd2 Re8 18. g5 Nh7 19. Bxe4 hxg5 20. fxg5 Bxg5 21. Bxh7+
Kh8 22. Bd4 Kxh7 23. Qh5+ Bh6 24. Rxf7 Rg8 25. Be3 Rf8 26. Rxg7+ Kxg7 27. Bxh6+
Kh7 28. Bxf8+ Kg8 29. Qg6+ Kxf8 30. Rf1+ 1-0

[Event "Russian Championship B17 1st league 2016"]
[Site "Loo"]
[Date "2016.04.28"]
[Round "9.30"]
[White "Revutskiy, Svyatoslav"]
[Black "Spiridonov, Vladislav"]
[Result "1-0"]
[WhiteElo "1734"]
[BlackElo "1591"]
[PlyCount "57"]
[EventDate "2016.04.20"]

1. e4 c5 2. Nf3 e6 3. d4 cxd4 4. Nxd4 Nc6 5. Nc3 Nf6 6. Nxc6 bxc6 7. Bd3 d5 8.
O-O Bd6 9. f4 h5 10. Qe1 Bc5+ 11. Kh1 Ng4 12. Na4 Bd4 13. c3 dxe4 14. Bc2 Bf6
15. Bxe4 Kf8 16. Be3 Ba6 17. Rg1 Bh4 18. Bc5+ Kg8 19. g3 Be7 20. Rd1 Qc7 21. b4
h4 22. h3 Bb5 23. Bxe7 Bxa4 24. Bd6 Qb6 25. Bc5 Qa6 26. Rd2 Nf6 27. gxh4 Qc4
28. Rxg7+ Kxg7 29. Qg3+ 1-0

[Event "Russian Championship B17 1st league 2016"]
[Site "Loo"]
[Date "2016.04.28"]
[Round "9.31"]
[White "Sambyla, Subuday"]
[Black "Belov, Aleksey"]
[Result "0-1"]
[WhiteElo "1722"]
[BlackElo "1612"]
[PlyCount "50"]
[EventDate "2016.04.20"]

1. d4 Nf6 2. c4 g6 3. Nc3 Bg7 4. e4 d6 5. Nf3 O-O 6. Be2 e5 7. d5 a5 8. O-O Na6
9. Ne1 Nc5 10. f3 Nh5 11. Nd3 Nxd3 12. Qxd3 Nf4 13. Bxf4 exf4 14. a3 Bd7 15. b4
Qf6 16. Rac1 axb4 17. Nb1 Qd4+ 18. Kh1 Qxd3 19. Bxd3 bxa3 20. Nd2 a2 21. Nb3
Ra3 22. Bb1 axb1=Q 23. Rxb1 Ba4 24. Nd2 Ra2 25. Rb4 Bc3 0-1

[Event "Russian Championship B17 1st league 2016"]
[Site "Loo"]
[Date "2016.04.28"]
[Round "9.32"]
[White "Shevelev, Alexandr"]
[Black "Natarov, Ilya"]
[Result "0-1"]
[WhiteElo "1668"]
[BlackElo "1767"]
[PlyCount "68"]
[EventDate "2016.04.20"]

1. d4 Nf6 2. c4 g6 3. Nc3 Bg7 4. e4 d6 5. Nf3 O-O 6. Be2 Nbd7 7. O-O e5 8. Re1
c6 9. Bf1 Qe7 10. d5 c5 11. a3 Ne8 12. b4 f5 13. Ng5 Nc7 14. Nb5 Nxb5 15. cxb5
f4 16. Ne6 Rf6 17. bxc5 Nxc5 18. Nxc5 dxc5 19. f3 g5 20. a4 Rg6 21. Be2 g4 22.
fxg4 Qh4 23. Ra3 Bxg4 24. Bxg4 Rxg4 25. Bb2 Rf8 26. Rf3 Rf6 27. Re2 Rh6 28. h3
Rg3 29. Rxg3 Qxg3 30. Kf1 f3 31. gxf3 Rxh3 32. Rg2 Rh1+ 33. Ke2 Qxg2+ 34. Kd3
Rxd1+ 0-1

[Event "Russian Championship B17 1st league 2016"]
[Site "Loo"]
[Date "2016.04.28"]
[Round "9.33"]
[White "Polozhentsev, Maksim"]
[Black "Shelushpanov, Nikolai"]
[Result "1-0"]
[WhiteElo "1829"]
[BlackElo "1536"]
[PlyCount "81"]
[EventDate "2016.04.20"]

1. d4 d5 2. c4 e6 3. Nc3 Nf6 4. Bg5 Nbd7 5. e3 c6 6. Nf3 Qa5 7. cxd5 exd5 8.
Bd3 Ne4 9. Qc2 Nxg5 10. Nxg5 h6 11. Nf3 Bd6 12. O-O O-O 13. Nh4 Nf6 14. Nf5
Bxf5 15. Bxf5 Qc7 16. h3 Rfe8 17. Rac1 Re7 18. a3 a6 19. b4 Qb6 20. Na4 Qc7 21.
Nc5 Bxc5 22. bxc5 Ne4 23. Rb1 Rb8 24. Rb6 Nf6 25. Rfb1 Nd7 26. Bxd7 Qxd7 27.
Rxa6 Rbe8 28. Rab6 Ra8 29. Qb3 Ra7 30. Rb4 Qc8 31. Ra4 Qa8 32. Rxa7 Qxa7 33.
Qb6 Qa8 34. a4 Qb8 35. Qxc6 bxc6 36. Rxb8+ Kh7 37. Rc8 Ra7 38. Rxc6 Rxa4 39.
Rb6 Ra1+ 40. Kh2 Ra2 41. Kg3 1-0

[Event "Russian Championship B17 1st league 2016"]
[Site "Loo"]
[Date "2016.04.28"]
[Round "9.34"]
[White "Tsurtsumiya, Ruslan"]
[Black "Gavrik, Aleksandr"]
[Result "1-0"]
[WhiteElo "1549"]
[BlackElo "1736"]
[PlyCount "63"]
[EventDate "2016.04.20"]

1. e4 c5 2. Nf3 Nc6 3. Bb5 d6 4. Bxc6+ bxc6 5. O-O Nf6 6. d3 e6 7. e5 dxe5 8.
Nxe5 Qc7 9. Re1 Bd6 10. Nf3 O-O 11. h3 h6 12. Nc3 Rd8 13. Bd2 Nd5 14. Ne4 Be7
15. Qc1 Kh7 16. Ng3 Nf6 17. Bf4 Bd6 18. Bxd6 Qxd6 19. Ne4 Nxe4 20. Rxe4 c4 21.
Rxc4 Ba6 22. Rd4 Qc7 23. Rxd8 Rxd8 24. Qe3 c5 25. b3 Bb7 26. a4 e5 27. Qxe5
Qxe5 28. Nxe5 Rd5 29. Re1 g6 30. Nc4 Ba6 31. Re7 Bxc4 32. bxc4 1-0

[Event "Russian Championship B17 1st league 2016"]
[Site "Loo"]
[Date "2016.04.28"]
[Round "9.35"]
[White "Kostin, Ilya"]
[Black "Miziuk, Anton"]
[Result "1-0"]
[WhiteElo "1697"]
[BlackElo "1528"]
[PlyCount "53"]
[EventDate "2016.04.20"]

1. e4 e5 2. Nf3 Nc6 3. d4 exd4 4. Nxd4 Nxd4 5. Qxd4 d6 6. Nc3 Nf6 7. Bf4 Be7 8.
O-O-O O-O 9. f3 Be6 10. g4 a6 11. h4 Ne8 12. Qd2 b5 13. h5 c6 14. Ne2 c5 15.
Nc3 b4 16. Nd5 Bxd5 17. Qxd5 Ra7 18. Bc4 Kh8 19. Qd2 a5 20. g5 f6 21. g6 Qb6
22. h6 Bd8 23. hxg7+ Rxg7 24. Bh6 Rxg6 25. Bxf8 Qa7 26. Rdg1 Rxg1+ 27. Rxg1 1-0

[Event "Russian Championship B17 1st league 2016"]
[Site "Loo"]
[Date "2016.04.28"]
[Round "9.36"]
[White "Malyshev, Kirill"]
[Black "Novikov, Dmitry"]
[Result "1-0"]
[WhiteElo "1628"]
[BlackElo "1493"]
[PlyCount "49"]
[EventDate "2016.04.20"]

1. Nf3 d5 2. g3 Nf6 3. Bg2 c5 4. O-O Nc6 5. d4 cxd4 6. Nxd4 e5 7. Nxc6 bxc6 8.
c4 Rb8 9. Qa4 Qd7 10. Rd1 Rb4 11. Qc2 Qb7 12. cxd5 cxd5 13. Nc3 Be6 14. a3 Rc4
15. Nxd5 Bxd5 16. Qxc4 Bxg2 17. f3 Bh3 18. Be3 Be6 19. Qa4+ Bd7 20. Qa5 e4 21.
Qe5+ Be7 22. Bc5 Be6 23. Bxe7 Kxe7 24. Qd6+ Ke8 25. Qd8# 1-0

[Event "Russian Championship B17 1st league 2016"]
[Site "Loo"]
[Date "2016.04.28"]
[Round "9.37"]
[White "Vasiliev, Semen B"]
[Black "Slastikhin, Vladislav"]
[Result "0-1"]
[WhiteElo "1434"]
[BlackElo "1658"]
[PlyCount "78"]
[EventDate "2016.04.20"]

1. c4 e6 2. Nc3 d5 3. e3 Nf6 4. g3 c6 5. cxd5 exd5 6. d4 Bd6 7. Bg2 O-O 8. Nge2
Bf5 9. O-O Re8 10. Qb3 Qc7 11. Bd2 Nbd7 12. Rac1 Qb6 13. Qxb6 Nxb6 14. b3 Ne4
15. Nxe4 Bxe4 16. Bxe4 dxe4 17. Nc3 Rac8 18. Rc2 Ba3 19. Bc1 Bb4 20. Bb2 Rcd8
21. Rfc1 Nd5 22. Nxd5 Rxd5 23. Rc4 Bd6 24. Bc3 h5 25. Bb4 b5 26. Rc5 Bxc5 27.
Bxc5 a6 28. a3 Re6 29. Rc2 h4 30. Bb4 hxg3 31. fxg3 Rf5 32. Rf2 Ref6 33. Rxf5
Rxf5 34. Bd2 Kf8 35. Bb4+ Ke8 36. Kg2 Kd7 37. Kg1 Ke6 38. Kg2 Kd5 39. Bd2 c5
0-1

[Event "Russian Championship B17 1st league 2016"]
[Site "Loo"]
[Date "2016.04.28"]
[Round "9.38"]
[White "Kulikov, Egor"]
[Black "Pavlovskiy, Vladislav"]
[Result "1-0"]
[WhiteElo "1489"]
[BlackElo "1240"]
[PlyCount "119"]
[EventDate "2016.04.20"]

1. e4 e5 2. Nf3 d6 3. Nc3 Be7 4. Bc4 Be6 5. Bb3 Bxb3 6. axb3 Nf6 7. O-O Nc6 8.
d4 exd4 9. Nxd4 Nxd4 10. Qxd4 a6 11. Rd1 O-O 12. Rd3 Nd7 13. f4 Re8 14. Bd2 Bf6
15. Qd5 Qc8 16. Re1 Nc5 17. Rh3 Bxc3 18. Bxc3 Qe6 19. Qd4 f6 20. f5 Qf7 21. Rg3
Re7 22. Rg4 Rae8 23. Qxf6 Qxf6 24. Bxf6 Rf7 25. Bd4 Nd7 26. Re3 Ne5 27. Bxe5
Rxe5 28. Kf2 Rfe7 29. Ke2 Kf7 30. Kd3 Kf6 31. c4 c6 32. Rh3 h6 33. Rhg3 g5 34.
fxg6 Rg5 35. Rf4+ Kxg6 36. Rxg5+ Kxg5 37. Rf8 Rd7 38. Kd4 Kg6 39. b4 Kg7 40.
Ra8 Rf7 41. Rd8 Rf2 42. Rxd6 Rxg2 43. Rd7+ Kg6 44. Rxb7 Rxh2 45. Rb6 Rxb2 46.
Rxc6+ Kg5 47. Rxa6 Rxb4 48. Ra5+ Kg4 49. e5 h5 50. e6 h4 51. e7 Rb8 52. Re5 Re8
53. Kd5 h3 54. Kd6 h2 55. Re1 Kg3 56. Kd7 Rxe7+ 57. Kxe7 Kf2 58. Rh1 Kg2 59.
Rxh2+ Kxh2 60. c5 1-0

[Event "Russian Championship B17 2016"]
[Site "Loo"]
[Date "2016.04.28"]
[Round "9.1"]
[White "Triapishko, Olexandr"]
[Black "Sarana, Alexey"]
[Result "1/2-1/2"]
[WhiteElo "2474"]
[BlackElo "2422"]
[PlyCount "96"]
[EventDate "2016.04.20"]

1. e4 c5 2. Nf3 d6 3. d4 cxd4 4. Nxd4 Nf6 5. Nc3 a6 6. Nb3 g6 7. Be2 Bg7 8. g4
b5 9. a3 Bb7 10. f3 Nc6 11. Be3 Rc8 12. Qd2 h5 13. g5 Nd7 14. O-O-O O-O 15. Nd5
e6 16. Nb4 d5 17. Nxc6 Bxc6 18. Nd4 Bb7 19. exd5 Bxd5 20. Kb1 Ne5 21. Rhe1 Qc7
22. Bf4 Qb7 23. Qe3 Nc6 24. Nb3 Rfd8 25. Nc5 Qa7 26. Ne4 Bd4 27. Nf6+ Kf8 28.
Qc1 e5 29. Nxd5 exf4 30. c3 Rxd5 31. cxd4 Qb8 32. Qc3 Qd6 33. h4 Ne7 34. Qa5
Nf5 35. Rc1 Rb8 36. Bd3 b4 37. Rc5 Rxd4 38. Bxf5 gxf5 39. Rec1 bxa3 40. Qxa3
Rd3 41. Rc8+ Rxc8 42. Rxc8+ Kg7 43. Qxd6 Rxd6 44. Kc2 f6 45. gxf6+ Kxf6 46. Rh8
Ke5 47. Kc3 Rc6+ 48. Kd3 Rd6+ 1/2-1/2

[Event "Russian Championship B17 2016"]
[Site "Loo"]
[Date "2016.04.28"]
[Round "9.2"]
[White "Bykov, Oleg"]
[Black "Sorokin, Aleksey"]
[Result "1/2-1/2"]
[WhiteElo "2389"]
[BlackElo "2385"]
[PlyCount "80"]
[EventDate "2016.04.20"]

1. d4 Nf6 2. c4 g6 3. f3 d5 4. cxd5 Nxd5 5. e4 Nb6 6. Be3 Bg7 7. Nc3 O-O 8. Qd2
Nc6 9. O-O-O Qd6 10. Kb1 Rd8 11. Nb5 Qd7 12. d5 a6 13. dxc6 Qxd2 14. Rxd2 Rxd2
15. Bxd2 axb5 16. cxb7 Bxb7 17. Bxb5 f5 18. exf5 Bd5 19. b3 gxf5 20. Bc1 c5 21.
Bb2 c4 22. Bxg7 Kxg7 23. Kb2 Ra5 24. Bxc4 Nxc4+ 25. bxc4 Bxc4 26. a3 Rb5+ 27.
Kc3 Bf7 28. Ne2 Rb3+ 29. Kd2 Rxa3 30. Rc1 Ra5 31. Ke3 Re5+ 32. Kf2 Rd5 33. Rc3
Rd6 34. Ra3 Kf6 35. Ra5 e5 36. Ra3 Bc4 37. Rc3 Bxe2 38. Kxe2 Ra6 39. Rc2 f4 40.
Kf2 Re6 1/2-1/2

[Event "Russian Championship B17 2016"]
[Site "Loo"]
[Date "2016.04.28"]
[Round "9.3"]
[White "Elistratov, Semen"]
[Black "Abelguzin, Dinar"]
[Result "1/2-1/2"]
[WhiteElo "2329"]
[BlackElo "2397"]
[PlyCount "102"]
[EventDate "2016.04.20"]

1. e4 e5 2. Nf3 Nc6 3. Bb5 Nf6 4. O-O Nxe4 5. Re1 Nd6 6. Nxe5 Nxe5 7. Rxe5+ Be7
8. Bf1 O-O 9. d4 Bf6 10. Re1 Re8 11. c3 Nf5 12. Bf4 Rxe1 13. Qxe1 Ne7 14. Na3
d6 15. Bd3 g6 16. Be4 Be6 17. Qd2 c6 18. Bf3 Bd5 19. Bg4 h5 20. Bh3 b5 21. f3
a5 22. Kh1 Nc8 23. Nc2 Nb6 24. Ne3 Nc4 25. Nxc4 bxc4 26. Re1 Bh4 27. Bg3 Qf6
28. Re2 Bg5 29. Qe1 h4 30. Bf2 Kg7 31. Bd7 h3 32. Bxh3 Rh8 33. Bd7 Bxf3 34.
gxf3 Qxf3+ 35. Kg1 Bf4 36. Be3 Rxh2 37. Rxh2 Bxe3+ 38. Rf2 f5 39. Kf1 Bxf2 40.
Qxf2 Qd1+ 41. Kg2 Qg4+ 42. Kh2 Qh5+ 43. Kg1 Qg4+ 44. Qg2 Qd1+ 45. Qf1 Qg4+ 46.
Kf2 Qh4+ 47. Kf3 Qe4+ 48. Kf2 Qh4+ 49. Kg1 Qg3+ 50. Qg2 Qe1+ 51. Qf1 Qg3+
1/2-1/2

[Event "Russian Championship B17 2016"]
[Site "Loo"]
[Date "2016.04.28"]
[Round "9.4"]
[White "Askerov, Marat"]
[Black "Gaifullin, Artur"]
[Result "1-0"]
[WhiteElo "2375"]
[BlackElo "2306"]
[PlyCount "115"]
[EventDate "2016.04.20"]

1. d4 Nf6 2. c4 e6 3. Nf3 d5 4. g3 Bb4+ 5. Nbd2 O-O 6. Qc2 c5 7. cxd5 cxd4 8.
Qc4 Nxd5 9. Bg2 Nc6 10. Nxd4 Nb6 11. Nxc6 Bxd2+ 12. Bxd2 Qxd2+ 13. Kxd2 Nxc4+
14. Kc3 bxc6 15. Kxc4 Ba6+ 16. Kd4 Bxe2 17. Bxc6 Rab8 18. b3 Rbc8 19. Rac1 Ba6
20. Ke3 Rfd8 21. Rhd1 g5 22. Rxd8+ Rxd8 23. Rc5 f6 24. Ra5 Bf1 25. Rxa7 Rd3+
26. Ke4 Rd6 27. Ba4 Rd2 28. Bd7 Bh3 29. Ke3 Rb2 30. Bb5 e5 31. Bc4+ Kh8 32. a4
f5 33. a5 Bg2 34. f4 exf4+ 35. gxf4 g4 36. Rd7 Be4 37. Rd2 Rb1 38. a6 h5 39.
Ra2 Rd1 40. a7 Rd8 41. Be6 Re8 42. Ra6 Kg7 43. Kf2 Ra8 44. Kg3 Bb7 45. Ra5 Be4
46. Kh4 Kf6 47. Ra6 Ke7 48. Kxh5 Bb7 49. Rb6 Be4 50. Kg5 Rxa7 51. Bxf5 Bd5 52.
Bxg4 Ra2 53. h3 Rb2 54. b4 Rb3 55. f5 Rg3 56. f6+ Kf7 57. Kf5 Rg1 58. Rd6 1-0